| 000 | 00935nam a2200217 a 4500 | ||
|---|---|---|---|
| 003 | 0 | ||
| 005 | 20250430151015.0 | ||
| 008 | 970114s19uu xx 00 eng d | ||
| 050 |
_aPGS GV 1469.34.V56 _b.Ag283 2003 |
||
| 100 | _aAguiluz, Amable Carlo M., XII. | ||
| 245 |
_aThe increasing popularity and use of violent PC-based computer games and their possible effects on male grade six students of Southville International School / _cAmable Carlo M. Aguiluz, XII. |
||
| 260 |
_aLas PiƱas City, Philippines : _bSouthville International School and Colleges, _c2003. |
||
| 300 |
_a61 pages : _bcolored illustrations ; _c28 cm. |
||
| 504 | _aIncludes bibliographical references. | ||
| 650 | _aVideo games and children. | ||
| 650 |
_aViolence in mass media _vPsychological aspects. |
||
| 650 | _aAggressiveness in children. | ||
| 650 |
_aComputer games _vSocial aspects. |
||
| 650 |
_aMale students _vPsychology. |
||
| 942 |
_2lcc _cPASS |
||
| 999 |
_c96824 _d96824 |
||